<?xml version="1.0" encoding="UTF-8"?>
<record
    xmlns:xsi="http://www.w3.org/2001/XMLSchema-instance"
    xsi:schemaLocation="http://www.loc.gov/MARC21/slim http://www.loc.gov/standards/marcxml/schema/MARC21slim.xsd"
    xmlns="http://www.loc.gov/MARC21/slim">

  <leader>02504nab a22004937a 4500</leader>
  <controlfield tag="003">AR-RoUNA</controlfield>
  <datafield tag="022" ind1=" " ind2=" ">
    <subfield code="a">03282384</subfield>
  </datafield>
  <datafield tag="040" ind1=" " ind2=" ">
    <subfield code="a">AR-RoUNA</subfield>
    <subfield code="b">spa</subfield>
  </datafield>
  <datafield tag="041" ind1=" " ind2=" ">
    <subfield code="a">spa</subfield>
    <subfield code="h">spa</subfield>
  </datafield>
  <datafield tag="044" ind1=" " ind2=" ">
    <subfield code="a">ag</subfield>
  </datafield>
  <datafield tag="110" ind1=" " ind2=" ">
    <subfield code="9">8413</subfield>
    <subfield code="a">Secretaria de Ciencia y T&#xE9;cnica.</subfield>
    <subfield code="b">Bolet&#xED;n de la Secretaria </subfield>
  </datafield>
  <datafield tag="245" ind1=" " ind2=" ">
    <subfield code="a">Ciencia y Tecnica</subfield>
    <subfield code="h">N&#xBA; 14</subfield>
    <subfield code="b">Bolet&#xED;n de la Secretar&#xED;a</subfield>
  </datafield>
  <datafield tag="260" ind1=" " ind2=" ">
    <subfield code="a">Buenos Aires :</subfield>
    <subfield code="b">UP,</subfield>
    <subfield code="c">1994</subfield>
  </datafield>
  <datafield tag="300" ind1=" " ind2=" ">
    <subfield code="a">64 p. :</subfield>
    <subfield code="b">plantas</subfield>
    <subfield code="b">fot. byn.</subfield>
    <subfield code="c">26x 20 cm</subfield>
  </datafield>
  <datafield tag="505" ind1=" " ind2=" ">
    <subfield code="t">INDICE</subfield>
  </datafield>
  <datafield tag="505" ind1=" " ind2=" ">
    <subfield code="a">La investigaci&#xF3;n aplicada y su utilizaci&#xF3;n en la PYME /El club tecnol&#xF3;gico Argentino - Italiano. p. 3</subfield>
  </datafield>
  <datafield tag="505" ind1=" " ind2=" ">
    <subfield code="a">Informe Especial: el agujero de ozono / El problema ya no se arregla antes del A&#xF1;o 2000. p. 6</subfield>
  </datafield>
  <datafield tag="505" ind1=" " ind2=" ">
    <subfield code="a">Argentina y Brasil ampl&#xED;an la cooperaci&#xF3;n / La Uni&#xF3;n hace a la ciencia. p. 12</subfield>
  </datafield>
  <datafield tag="505" ind1=" " ind2=" ">
    <subfield code="a">Alicia en el pa&#xED;s de la petroqu&#xED;mica. p. 16</subfield>
  </datafield>
  <datafield tag="505" ind1=" " ind2=" ">
    <subfield code="a">Reportaje; Nora Hojvat / La computaci&#xF3;n es el microscopio de nuestro tiempo. p. 20</subfield>
  </datafield>
  <datafield tag="505" ind1=" " ind2=" ">
    <subfield code="a">Con ritmo de canci&#xF3;n infantil / Juguemos con las ciencias. p. 24</subfield>
  </datafield>
  <datafield tag="505" ind1=" " ind2=" ">
    <subfield code="a">Rob&#xF3;tica / Donde esta el Monstruo. p. 27</subfield>
  </datafield>
  <datafield tag="505" ind1=" " ind2=" ">
    <subfield code="a">II Encuentro Anual del Programa La Ciencia Invita a los J&#xF3;venes / Reafirmaron los prop&#xF3;sitos del programa. p. 31</subfield>
  </datafield>
  <datafield tag="505" ind1=" " ind2=" ">
    <subfield code="a">Luis Federico Leloir / Diario del hombre del az&#xFA;car. p. 32</subfield>
  </datafield>
  <datafield tag="505" ind1=" " ind2=" ">
    <subfield code="a">Instituto Tecnol&#xF3;gico de Chascom&#xFA;s / En sus marcas, listos. p. 35</subfield>
  </datafield>
  <datafield tag="505" ind1=" " ind2=" ">
    <subfield code="a">Enfermedad  de Chagas y coraz&#xF3;n. p. 36</subfield>
  </datafield>
  <datafield tag="505" ind1=" " ind2=" ">
    <subfield code="a">Ciencias Sociales y Salud / Significaciones sociales de la salud. p. 40</subfield>
  </datafield>
  <datafield tag="505" ind1=" " ind2=" ">
    <subfield code="a">El Grupo de los Ocho / La Ciencia al servicio de la democracia, La Paz y el desarrollo. p. 46</subfield>
  </datafield>
  <datafield tag="505" ind1=" " ind2=" ">
    <subfield code="a">Ciclo de programas de televisi&#xF3;n Ciencia y Conciencia / El Misterio Argentino. p. 48</subfield>
  </datafield>
  <datafield tag="505" ind1=" " ind2=" ">
    <subfield code="a">INTEMA, de Mar del Plata / Un soporte para las industrias. p. 54</subfield>
  </datafield>
  <datafield tag="505" ind1=" " ind2=" ">
    <subfield code="a">Superconectividad de altas temperaturas. p. 56</subfield>
  </datafield>
  <datafield tag="505" ind1=" " ind2=" ">
    <subfield code="a">Inform&#xE1;tica Educativa / Cuando Los Ateneos  vienen marchando. p. 58</subfield>
  </datafield>
  <datafield tag="505" ind1=" " ind2=" ">
    <subfield code="a">Reflexiones sobre &#xC9;tica y Biolog&#xED;a / Humanismo o Barbarie. p. 60</subfield>
  </datafield>
  <datafield tag="505" ind1=" " ind2=" ">
    <subfield code="t">CONTRATAPA</subfield>
  </datafield>
  <datafield tag="505" ind1=" " ind2=" ">
    <subfield code="a">Entrega de los premios Bernardo Houssay.</subfield>
  </datafield>
  <datafield tag="650" ind1=" " ind2=" ">
    <subfield code="a">Arquitectura</subfield>
    <subfield code="9">11395</subfield>
  </datafield>
  <datafield tag="650" ind1=" " ind2=" ">
    <subfield code="a">Ciencia</subfield>
    <subfield code="9">11396</subfield>
  </datafield>
  <datafield tag="773" ind1="0" ind2=" ">
    <subfield code="a">Bolet&#xED;n de la Secretar&#xED;a: Ciencia y T&#xE9;cnica</subfield>
    <subfield code="d">Buenos Aires, Aller Atucha y Asociados. 1988</subfield>
    <subfield code="g">nro.14 (may-1988), 64.p</subfield>
    <subfield code="x">03265773</subfield>
  </datafield>
  <datafield tag="856" ind1=" " ind2=" ">
    <subfield code="u">www.secyt.unlu.edu.ar</subfield>
  </datafield>
  <datafield tag="908" ind1=" " ind2=" ">
    <subfield code="a">Imp</subfield>
  </datafield>
  <datafield tag="942" ind1=" " ind2=" ">
    <subfield code="2">udc</subfield>
    <subfield code="c">ART</subfield>
  </datafield>
  <datafield tag="945" ind1=" " ind2=" ">
    <subfield code="a">MBP</subfield>
    <subfield code="d">2018-06-12</subfield>
  </datafield>
  <datafield tag="980" ind1=" " ind2=" ">
    <subfield code="8">1</subfield>
    <subfield code="g">Maricel Allasia</subfield>
    <subfield code="6">1</subfield>
    <subfield code="a">Maricel Allasia</subfield>
  </datafield>
  <datafield tag="999" ind1=" " ind2=" ">
    <subfield code="c">12454</subfield>
    <subfield code="d">12454</subfield>
  </datafield>
  <datafield tag="952" ind1=" " ind2=" ">
    <subfield code="0">0</subfield>
    <subfield code="1">0</subfield>
    <subfield code="2">udc</subfield>
    <subfield code="4">0</subfield>
    <subfield code="5">0</subfield>
    <subfield code="7">0</subfield>
    <subfield code="a">AR-RoUNA</subfield>
    <subfield code="b">AR-RoUNA</subfield>
    <subfield code="c">Heme</subfield>
    <subfield code="d">2026-06-02</subfield>
    <subfield code="e">Don</subfield>
    <subfield code="l">0</subfield>
    <subfield code="p">1002958</subfield>
    <subfield code="r">2026-06-02</subfield>
    <subfield code="t">ej. 1</subfield>
    <subfield code="w">2026-06-02</subfield>
    <subfield code="y">ART</subfield>
    <subfield code="k">K342</subfield>
    <subfield code="x"></subfield>
  </datafield>
  <datafield tag="952" ind1=" " ind2=" ">
    <subfield code="0">0</subfield>
    <subfield code="1">0</subfield>
    <subfield code="2">udc</subfield>
    <subfield code="4">0</subfield>
    <subfield code="5">0</subfield>
    <subfield code="7">0</subfield>
    <subfield code="a">AR-RoUNA</subfield>
    <subfield code="b">AR-RoUNA</subfield>
    <subfield code="d">2026-06-02</subfield>
    <subfield code="e">Don</subfield>
    <subfield code="l">0</subfield>
    <subfield code="p">1002957</subfield>
    <subfield code="r">2026-06-02</subfield>
    <subfield code="t">ej. 2</subfield>
    <subfield code="w">2026-06-02</subfield>
    <subfield code="y">ART</subfield>
    <subfield code="k">K342</subfield>
    <subfield code="x"></subfield>
  </datafield>
</record>
